| 000 | 00888nam a2200241 i 4500 | ||
|---|---|---|---|
| 001 | 34156 | ||
| 003 | ES-MaACL | ||
| 005 | 20250405233715.0 | ||
| 007 | t| | ||
| 008 | 030204s1982 sp ||||1| spa d | ||
| 100 | 1 |
_aBlanco Rodríguez, Juan Andrés. _929287 |
|
| 245 | 1 | 3 |
_aEl pensamiento sociopolítico de Dorado Montero / _cJuan Andrés Blanco Rodríguez. |
| 260 |
_aSalamanca : _bCentro de Estudios Salmantinos, _c1982. |
||
| 300 |
_a158 p. ; _c25 cm. |
||
| 490 | 1 |
_aPublicaciones del Centro de Estudios Salmantinos. _aA. Monografías ; _v36 |
|
| 500 | _aÍndice. | ||
| 504 | _aBibliografía: p. 149-156. | ||
| 600 | 1 | 4 |
_aDorado Montero, Pedro, _d1861-1919 _945376 |
| 710 | 2 |
_aCentro de Estudios Salmantinos. _92668 |
|
| 830 |
_aPublicaciones del Centro de Estudios Salmantinos. _aA. Monografías ; _v36 _9229479 |
||
| 852 |
_aES-MaACL _jL-2959 |
||
| 999 |
_c34156 _d34156 |
||